00780nam a2200241Ia 450000500170000000800410001702000100005804000190006804100120008708200170009910000220011624500910013826000380022930000260026750400360029365000140032965100270034370000300037085000100040094200070041099900160041795201050043320240206113646.0131103s9999 xx 000 0 und d cRs.12 aLoreto College aEnglish a370.15 bPRE aPressey,Sidney L. aPsychology in Education, cSidney L.Pressey, Francis P. Robinson and John E.Harrocks aDelhibUniversal Book Stallc1967 axi,658 p.b ill.,fig. aIncludes bibliography and index aEducation aEducational Psychology aRobinson,Francis P.,auth. aLCLIB cBK c3581d54060 00102ddc4070aMAINbMAINd2013-11-04l0o370.15 PRE 14476pB3447r2013-11-04w2013-11-04yBKf